[Event "Quebec-ch qual U1600"]
[Site "Montreal CAN"]
[Date "2005.10.08"]
[Round "2"]
[White "Roy, Myriam"]
[Black "Rozybakiyev, Ilchin"]
[Result "0-1"]
[WhiteElo "1482"]
[BlackElo "1552"]
[PlyCount "70"]
[GameId "2160767910834518"]
[EventDate "2005.10.08"]
[EventType "swiss"]
[EventRounds "3"]
[EventCountry "CAN"]
[SourceTitle "EXT 2009"]
[Source "ChessBase"]
[SourceDate "2008.11.26"]
[SourceVersion "1"]
[SourceVersionDate "2008.11.26"]
[SourceQuality "1"]

1. e4 c5 2. Nf3 Nc6 3. d4 cxd4 4. Nxd4 e5 5. Nb5 d6 6. N1c3 a6 7. Na3 b5 8. Nd5 Nge7 9. Be3 Nxd5 10. exd5 Nb8 11. c4 b4 12. Qa4+ Bd7 13. Qxb4 Qc7 14. Qb6 Qxb6 15. Bxb6 Bf5 16. Be2 Be7 17. O-O O-O 18. Rac1 Nd7 19. Be3 Rfc8 20. Nc2 Rab8 21. b3 Nc5 22. Bxc5 dxc5 23. Ne3 Bg6 24. Rcd1 Rd8 25. Ng4 Bd6 26. Rfe1 f5 27. Ne3 f4 28. Nf1 e4 29. Bg4 Be5 30. Be6+ Kf8 31. Nd2 Bc3 32. Rf1 Ke7 33. Nb1 Bd4 34. g3 e3 35. Rxd4 cxd4 0-1

[Event "Quebec-ch qual U1600"]
[Site "Montreal CAN"]
[Date "2005.10.09"]
[Round "3"]
[White "Belanger, Martin"]
[Black "Deljanin, Dzavid"]
[Result "1-0"]
[WhiteElo "1319"]
[BlackElo "1452"]
[PlyCount "61"]
[GameId "2160767910834519"]
[EventDate "2005.10.08"]
[EventType "swiss"]
[EventRounds "3"]
[EventCountry "CAN"]
[SourceTitle "EXT 2009"]
[Source "ChessBase"]
[SourceDate "2008.11.26"]
[SourceVersion "1"]
[SourceVersionDate "2008.11.26"]
[SourceQuality "1"]

1. e4 e5 2. Nf3 d6 3. h3 Nf6 4. Nc3 Be7 5. Bc4 Nc6 6. d4 exd4 7. Nxd4 Na5 8. Bd3 c5 9. Nf3 a6 10. Qe2 b5 11. b3 O-O 12. O-O Re8 13. Re1 Nc6 14. Bb2 Be6 15. Rad1 Nb4 16. e5 Nh5 17. exd6 Bf6 18. Qe4 g6 19. a3 Nxd3 20. Qxd3 c4 21. bxc4 Bxc4 22. Rxe8+ Qxe8 23. d7 Qd8 24. Qe4 Ng7 25. Ne2 Bxe2 26. Bxf6 Bxf3 27. Qxa8 Bxa8 28. Bxd8 Bc6 29. Bf6 Bxd7 30. Rxd7 Ne6 31. Ra7 1-0

[Event "Quebec-ch qual U1600"]
[Site "Montreal CAN"]
[Date "2005.10.09"]
[Round "3"]
[White "Bergeron, Roland"]
[Black "Roy, Myriam"]
[Result "1/2-1/2"]
[WhiteElo "1566"]
[BlackElo "1482"]
[PlyCount "90"]
[GameId "2160767910834520"]
[EventDate "2005.10.08"]
[EventType "swiss"]
[EventRounds "3"]
[EventCountry "CAN"]
[SourceTitle "EXT 2009"]
[Source "ChessBase"]
[SourceDate "2008.11.26"]
[SourceVersion "1"]
[SourceVersionDate "2008.11.26"]
[SourceQuality "1"]

1. c4 c5 2. Nc3 Nc6 3. g3 g6 4. Bg2 Bg7 5. e3 e5 6. Nge2 Nge7 7. O-O O-O 8. Nd5 d6 9. Nec3 Be6 10. d3 f5 11. f4 Qd7 12. Rb1 a6 13. Nb6 Qc7 14. Nxa8 Rxa8 15. Nd5 Qd8 16. Bd2 b5 17. b3 Rc8 18. Qc2 Bxd5 19. cxd5 Nb4 20. Bxb4 cxb4 21. Qd2 Rc3 22. fxe5 Bxe5 23. d4 Bg7 24. Rbc1 Qc7 25. a3 a5 26. axb4 axb4 27. Rxc3 bxc3 28. Qd3 b4 29. Qb5 c2 30. Rc1 Qc3 31. Qe2 Bh6 32. Kf2 Qxb3 33. Rxc2 Nxd5 34. Bxd5+ Qxd5 35. Qc4 Qxc4 36. Rxc4 Bg5 37. Rxb4 Kf7 38. Rb7+ Be7 39. h4 h6 40. Kf3 Ke6 41. Kf4 g5+ 42. hxg5 Bxg5+ 43. Kf3 Kf6 44. d5 Ke5 45. Rb5 Kf6 1/2-1/2

[Event "Quebec-ch qual U1600"]
[Site "Montreal CAN"]
[Date "2005.10.09"]
[Round "3"]
[White "Deschamps, Andre"]
[Black "Muskat, Paul"]
[Result "1-0"]
[WhiteElo "1487"]
[BlackElo "1556"]
[PlyCount "71"]
[GameId "2160767910834521"]
[EventDate "2005.10.08"]
[EventType "swiss"]
[EventRounds "3"]
[EventCountry "CAN"]
[SourceTitle "EXT 2009"]
[Source "ChessBase"]
[SourceDate "2008.11.26"]
[SourceVersion "1"]
[SourceVersionDate "2008.11.26"]
[SourceQuality "1"]

1. d4 d5 2. c4 e5 3. e3 exd4 4. exd4 Nf6 5. Nf3 Bb4+ 6. Nc3 Ne4 7. Qc2 O-O 8. Bd3 Re8 9. O-O Nf6 10. a3 Bf8 11. h3 dxc4 12. Bxc4 Nbd7 13. Bg5 b6 14. Rad1 Bd6 15. Ne4 Rxe4 16. Qxe4 Nxe4 17. Bxd8 Bb7 18. Bh4 h6 19. Rfe1 g5 20. Bg3 Nxg3 21. fxg3 c5 22. dxc5 Bxc5+ 23. Kh2 Nf6 24. Ne5 Rf8 25. b4 Bf2 26. Re2 Ne4 27. Nxf7 Bxg3+ 28. Kg1 Rxf7 29. Bxf7+ Kxf7 30. Rd7+ Kf6 31. Rxb7 Nc3 32. Re3 Be5 33. Rf3+ Kg6 34. Rxa7 Bd4+ 35. Kf1 Nb5 36. Rd7 1-0

[Event "Quebec-ch qual U1600"]
[Site "Montreal CAN"]
[Date "2005.10.09"]
[Round "3"]
[White "Girard, Jonathan"]
[Black "Chan, Charles"]
[Result "0-1"]
[WhiteElo "1572"]
[BlackElo "1473"]
[PlyCount "64"]
[GameId "2160767910834522"]
[EventDate "2005.10.08"]
[EventType "swiss"]
[EventRounds "3"]
[EventCountry "CAN"]
[SourceTitle "EXT 2009"]
[Source "ChessBase"]
[SourceDate "2008.11.26"]
[SourceVersion "1"]
[SourceVersionDate "2008.11.26"]
[SourceQuality "1"]

1. c4 Nf6 2. Nc3 e6 3. g3 Bb4 4. Bg2 O-O 5. Qb3 Bxc3 6. dxc3 Nc6 7. Qc2 d6 8. Bg5 e5 9. O-O-O h6 10. Bxf6 Qxf6 11. Nf3 Be6 12. b3 a5 13. Kb2 a4 14. h3 Ra6 15. g4 Rfa8 16. Ra1 Rb6 17. Qe4 Na5 18. Kc2 axb3+ 19. axb3 Rba6 20. Ra3 c6 21. Rha1 d5 22. Qxe5 Qg6+ 23. Kb2 Nxc4+ 24. bxc4 Rb6+ 25. Kc1 Rxa3 26. Rxa3 Qb1+ 27. Kd2 Qb2+ 28. Kd3 dxc4+ 29. Ke4 Qxa3 30. Nd4 Bd5+ 31. Kf4 Bxg2 32. Nf5 Qf8 0-1

[Event "Quebec-ch qual U1600"]
[Site "Montreal CAN"]
[Date "2005.10.09"]
[Round "3"]
[White "Grenier, Marcel jr"]
[Black "Bedard, Michel"]
[Result "1-0"]
[WhiteElo "1404"]
[BlackElo "1561"]
[PlyCount "113"]
[GameId "2160767910834523"]
[EventDate "2005.10.08"]
[EventType "swiss"]
[EventRounds "3"]
[EventCountry "CAN"]
[SourceTitle "EXT 2009"]
[Source "ChessBase"]
[SourceDate "2008.11.26"]
[SourceVersion "1"]
[SourceVersionDate "2008.11.26"]
[SourceQuality "1"]

1. e4 e5 2. Nf3 Nf6 3. Nxe5 d6 4. Nf3 Nxe4 5. Qe2 Qe7 6. d3 Nf6 7. Qxe7+ Bxe7 8. Bg5 h6 9. Be3 Nc6 10. a3 Ng4 11. Nc3 Nxe3 12. fxe3 Be6 13. d4 d5 14. Bb5 O-O 15. b4 a5 16. Bxc6 bxc6 17. bxa5 Rxa5 18. a4 Bb4 19. Kd2 f6 20. Rhb1 Rb8 21. h3 Kh7 22. Kd3 Bxc3 23. Kxc3 Rxb1 24. Rxb1 Rxa4 25. Rb7 Bf5 26. Kd2 Be4 27. Rxc7 Ra6 28. Ne1 h5 29. g3 Kh6 30. h4 g5 31. Nd3 Bxd3 32. Kxd3 Kg6 33. e4 Ra3+ 34. c3 dxe4+ 35. Kc4 Ra4+ 36. Kc5 Ra3 37. Kb4 Ra6 38. c4 Kf5 39. c5 Ke6 40. Kc4 Ra4+ 41. Kc3 Ra3+ 42. Kc4 e3 43. Rxc6+ Kd7 44. d5 e2 45. Re6 Rxg3 46. c6+ Kc7 47. Rxe2 gxh4 48. Re7+ Kb8 49. d6 h3 50. Re8+ Ka7 51. d7 h2 52. d8=Q Rg4+ 53. Kd3 Rg3+ 54. Ke2 Rg2+ 55. Kf3 Ra2 56. Qb8+ Ka6 57. Qb7+ 1-0

[Event "Quebec-ch qual U1600"]
[Site "Montreal CAN"]
[Date "2005.10.09"]
[Round "3"]
[White "Jette, Stephane"]
[Black "Perusse, Jacques"]
[Result "1/2-1/2"]
[WhiteElo "1496"]
[BlackElo "1568"]
[PlyCount "182"]
[GameId "2160767910834524"]
[EventDate "2005.10.08"]
[EventType "swiss"]
[EventRounds "3"]
[EventCountry "CAN"]
[SourceTitle "EXT 2009"]
[Source "ChessBase"]
[SourceDate "2008.11.26"]
[SourceVersion "1"]
[SourceVersionDate "2008.11.26"]
[SourceQuality "1"]

1. Nf3 c5 2. c4 Nc6 3. Nc3 g6 4. g3 Bg7 5. Bg2 e6 6. e3 d5 7. cxd5 exd5 8. d4 Nge7 9. O-O c4 10. a3 a6 11. Re1 O-O 12. Nd2 Be6 13. b4 b5 14. Bb2 Qd7 15. Rc1 Rfb8 16. Ne2 f5 17. Nf4 Bf7 18. Nf3 Qd6 19. Ng5 Rd8 20. Nxf7 Kxf7 21. Qf3 Kg8 22. h4 Ra7 23. Nh3 h6 24. Qf4 a5 25. bxa5 Nxa5 26. Qxd6 Rxd6 27. Nf4 Nb3 28. Rc2 Kh7 29. Ne2 Nc6 30. Nc3 Ncxd4 31. exd4 Nxd4 32. Rd2 Rad7 33. Red1 Nb3 34. Rxd5 Rxd5 35. Rxd5 Rxd5 36. Bxd5 Nc5 37. Bc6 Nd3 38. Ba1 Bd4 39. Bxb5 Nxf2 40. Kg2 Ng4 41. Kf3 Ne5+ 42. Kg2 g5 43. hxg5 hxg5 44. a4 f4 45. gxf4 gxf4 46. a5 f3+ 47. Kf1 Ng4 48. Ne4 Bxa1 49. Bxc4 Ne3+ 50. Kf2 Nxc4 51. Kxf3 Nxa5 52. Ke3 Kg6 53. Kd3 Be5 54. Nc5 Nc6 55. Ke4 Bf6 56. Kd5 Ne7+ 57. Ke4 Bb2 58. Ne6 Kf6 59. Nd4 Kf7 60. Nf5 Nc8 61. Nh6+ Kg6 62. Nf5 Ba3 63. Nh4+ Kh5 64. Nf5 Kg4 65. Nd4 Ne7 66. Kd3 Bd6 67. Nb5 Bg3 68. Nd4 Bd6 69. Ke4 Bb4 70. Kd3 Be1 71. Kc4 Bf2 72. Ne6 Bg3 73. Nc5 Bc7 74. Nd3 Nf5 75. Nc5 Nd6+ 76. Kd5 Nf5 77. Kc4 Ne3+ 78. Kb5 Bh2 79. Kc6 Nc2 80. Kb5 Nd4+ 81. Kc4 Nf3 82. Kb5 Bd6 83. Kc6 Bh2 84. Kb5 Nd2 85. Kc6 Bg1 86. Kb5 Bf2 87. Kc6 Be3 88. Ne6 Nb3 89. Kd7 Nd2 90. Ke7 Kh3 91. Kd7 Nb3 1/2-1/2

[Event "Quebec-ch qual U1600"]
[Site "Montreal CAN"]
[Date "2005.10.09"]
[Round "3"]
[White "Kalamba, Didier"]
[Black "McNeil-Duval, Hugues"]
[Result "1-0"]
[WhiteElo "1596"]
[BlackElo "1519"]
[PlyCount "45"]
[GameId "2160767910834525"]
[EventDate "2005.10.08"]
[EventType "swiss"]
[EventRounds "3"]
[EventCountry "CAN"]
[SourceTitle "EXT 2009"]
[Source "ChessBase"]
[SourceDate "2008.11.26"]
[SourceVersion "1"]
[SourceVersionDate "2008.11.26"]
[SourceQuality "1"]

1. d4 e6 2. e4 d5 3. Nd2 c5 4. c3 Nc6 5. Ngf3 Nf6 6. e5 Nd7 7. Bd3 Qb6 8. Qa4 a6 9. O-O Qa7 10. dxc5 Bxc5 11. Nb3 Bb6 12. Qg4 g6 13. Bf4 Bc7 14. Rae1 Qb8 15. Qg3 b6 16. Nbd4 Bb7 17. Nxc6 Bxc6 18. Qh3 f6 19. Qxe6+ Kd8 20. Qxc6 fxe5 21. Bg5+ Kc8 22. Nxe5 Nxe5 23. Rxe5 1-0

[Event "Quebec-ch qual U1600"]
[Site "Montreal CAN"]
[Date "2005.10.09"]
[Round "3"]
[White "Kieu, Marc-Andre"]
[Black "Lefebvre, Gabriel"]
[Result "1-0"]
[WhiteElo "1576"]
[BlackElo "1509"]
[PlyCount "125"]
[GameId "2160767910834526"]
[EventDate "2005.10.08"]
[EventType "swiss"]
[EventRounds "3"]
[EventCountry "CAN"]
[SourceTitle "EXT 2009"]
[Source "ChessBase"]
[SourceDate "2008.11.26"]
[SourceVersion "1"]
[SourceVersionDate "2008.11.26"]
[SourceQuality "1"]

1. e4 c5 2. Nf3 d6 3. d4 cxd4 4. Nxd4 Nf6 5. Nc3 e6 6. Be2 Be7 7. Be3 O-O 8. O-O a6 9. Kh1 Qc7 10. f4 Nbd7 11. Bf3 Rb8 12. g4 b5 13. g5 Ne8 14. a3 Nb6 15. h4 Nc4 16. Bc1 b4 17. axb4 Rxb4 18. b3 Ne3 19. Bxe3 Qxc3 20. Qe1 Qxe1 21. Rfxe1 Bd7 22. Rxa6 Rb7 23. e5 d5 24. Nc6 Bxc6 25. Rxc6 Rc7 26. Rxc7 Nxc7 27. Ra1 Ra8 28. Rxa8+ Nxa8 29. c4 Nc7 30. Bb6 Bd8 31. Bxc7 Bxc7 32. cxd5 exd5 33. Bxd5 Kf8 34. Kg2 f6 35. exf6 Bxf4 36. f7 Bd2 37. Kf3 Bb4 38. Kf4 Ba5 39. Kf5 Bb4 40. Ke6 Be1 41. h5 Bd2 42. Kf5 Ke7 43. Bc4 Kf8 44. Ke6 Bxg5 45. Bd3 h6 46. b4 Bd2 47. b5 Ba5 48. Bc4 Bb6 49. Kd7 Ba5 50. Kc6 Ke7 51. b6 Be1 52. b7 Bg3 53. Kb6 Bb8 54. Ka6 Kf8 55. Kb6 Ke7 56. Kc6 Bg3 57. Kc5 Bd6+ 58. Kd5 Bb8 59. Ke4 Bd6 60. Kf5 Bc7 61. Kg6 Be5 62. b8=Q Bxb8 63. Kxg7 1-0

[Event "Quebec-ch qual U1600"]
[Site "Montreal CAN"]
[Date "2005.10.09"]
[Round "3"]
[White "Legendre, Leonard"]
[Black "Mok, Yuen Tak"]
[Result "0-1"]
[WhiteElo "1418"]
[BlackElo "1579"]
[PlyCount "114"]
[GameId "2160767910834527"]
[EventDate "2005.10.08"]
[EventType "swiss"]
[EventRounds "3"]
[EventCountry "CAN"]
[SourceTitle "EXT 2009"]
[Source "ChessBase"]
[SourceDate "2008.11.26"]
[SourceVersion "1"]
[SourceVersionDate "2008.11.26"]
[SourceQuality "1"]

1. d4 d5 2. e3 e6 3. c4 Nf6 4. Nc3 c6 5. Nf3 Nbd7 6. cxd5 exd5 7. Bd3 Bd6 8. Qc2 O-O 9. O-O Re8 10. e4 dxe4 11. Nxe4 Nxe4 12. Bxe4 Nf6 13. Bg5 h6 14. Bxf6 Qxf6 15. Rfe1 Bg4 16. Qd3 Qf4 17. g3 Qf6 18. Re3 Rad8 19. Rae1 Bb4 20. Bh7+ Kf8 21. Rxe8+ Rxe8 22. Rxe8+ Kxe8 23. Ne5 Be6 24. Qe3 Be7 25. b3 Qg5 26. f4 Qh5 27. Be4 Qd1+ 28. Kf2 Qa1 29. Qd2 a5 30. Ke3 Bb4 31. Qc2 Bc3 32. Kd3 Bxd4 33. Bxc6+ Ke7 34. Bxb7 Bxe5 35. fxe5 Qxe5 36. Kd2 Qd4+ 37. Qd3 Qb4+ 38. Qc3 Qxb7 39. Qxa5 Qd5+ 40. Qxd5 Bxd5 41. Kc3 Kd6 42. a3 Kc5 43. a4 Bb7 44. b4+ Kd5 45. b5 Kc5 46. Kb3 f5 47. Kc3 Be4 48. b6 Kxb6 49. Kd4 Ka5 50. g4 g6 51. gxf5 gxf5 52. Ke3 Kxa4 53. Kd4 Kb3 54. Ke3 Kc2 55. h3 Kd1 56. Kf4 Ke2 57. Kg3 Ke3 0-1

[Event "Quebec-ch qual U1600"]
[Site "Montreal CAN"]
[Date "2005.10.09"]
[Round "3"]
[White "Morin-Duchesne, Alexi"]
[Black "Laurendeau, Dzavid"]
[Result "1/2-1/2"]
[WhiteElo "1447"]
[BlackElo "1575"]
[PlyCount "96"]
[GameId "2160767910834528"]
[EventDate "2005.10.08"]
[EventType "swiss"]
[EventRounds "3"]
[EventCountry "CAN"]
[SourceTitle "EXT 2009"]
[Source "ChessBase"]
[SourceDate "2008.11.26"]
[SourceVersion "1"]
[SourceVersionDate "2008.11.26"]
[SourceQuality "1"]

1. e4 e6 2. d4 d5 3. exd5 exd5 4. Bd3 Nf6 5. Bg5 Be7 6. Nf3 Bg4 7. O-O Nc6 8. c3 O-O 9. Nbd2 Qd7 10. Qc2 h6 11. Bh4 a6 12. Rae1 Be6 13. Re2 Nh5 14. Bxe7 Nxe7 15. Ne5 Qc8 16. f4 Nf6 17. f5 Bd7 18. b4 Bb5 19. g4 Nd7 20. Nxd7 Qxd7 21. f6 Bxd3 22. Qxd3 Ng6 23. fxg7 Kxg7 24. Qf3 Qd6 25. Rg2 Nh4 26. Qf2 Nxg2 27. Qxg2 c6 28. Nf3 Rae8 29. Nh4 Kh7 30. Qf3 Qe7 31. Nf5 Qg5 32. h3 f6 33. Kg2 Re4 34. Rf2 h5 35. Kg3 Rg8 36. Qh1 hxg4 37. hxg4+ Kg6 38. Qh3 Re3+ 39. Nxe3 Qxe3+ 40. Kg2 Qxh3+ 41. Kxh3 Re8 42. Kg3 Re3+ 43. Rf3 Rxf3+ 44. Kxf3 Kg5 45. Kg3 f5 46. gxf5 Kxf5 47. Kf3 Kg5 48. Kg3 Kf5 1/2-1/2

[Event "Quebec-ch qual U1600"]
[Site "Montreal CAN"]
[Date "2005.10.09"]
[Round "3"]
[White "Pilon, Denis"]
[Black "Ionescu, Theodor"]
[Result "0-1"]
[WhiteElo "1274"]
[BlackElo "1538"]
[PlyCount "50"]
[GameId "2160767910834529"]
[EventDate "2005.10.08"]
[EventType "swiss"]
[EventRounds "3"]
[EventCountry "CAN"]
[SourceTitle "EXT 2009"]
[Source "ChessBase"]
[SourceDate "2008.11.26"]
[SourceVersion "1"]
[SourceVersionDate "2008.11.26"]
[SourceQuality "1"]

1. e4 e6 2. d4 d5 3. exd5 exd5 4. Nf3 Nf6 5. Nc3 Be7 6. Be2 O-O 7. O-O b6 8. Bg5 Bb7 9. Re1 c5 10. Bf1 h6 11. Bh4 Nbd7 12. dxc5 bxc5 13. Bb5 d4 14. Bxd7 Qxd7 15. Ne5 Qd8 16. Ne2 Bd6 17. Ng4 Be7 18. Ng3 Qd5 19. Ne4 Nxe4 20. Bxe7 Rfe8 21. c4 Qc6 22. Bh4 Nxf2 23. Rxe8+ Rxe8 24. Qf3 Nxg4 25. Qxg4 Re4 0-1

[Event "Quebec-ch qual U1600"]
[Site "Montreal CAN"]
[Date "2005.10.09"]
[Round "3"]
[White "Rozybakiyev, Ilchin"]
[Black "Abran, David"]
[Result "0-1"]
[WhiteElo "1552"]
[BlackElo "1457"]
[PlyCount "122"]
[GameId "2160767910834531"]
[EventDate "2005.10.08"]
[EventType "swiss"]
[EventRounds "3"]
[EventCountry "CAN"]
[SourceTitle "EXT 2009"]
[Source "ChessBase"]
[SourceDate "2008.11.26"]
[SourceVersion "1"]
[SourceVersionDate "2008.11.26"]
[SourceQuality "1"]

1. e4 c5 2. Nf3 e6 3. d4 cxd4 4. Nxd4 Nc6 5. Nc3 Nf6 6. Be3 Bb4 7. f3 Qa5 8. Qd2 O-O 9. Bc4 a6 10. O-O d5 11. exd5 Nxd4 12. Bxd4 Nxd5 13. Rad1 Nxc3 14. bxc3 Be7 15. Kh1 Rd8 16. Qf2 Qh5 17. Qg3 Qh6 18. Bb6 Rd2 19. Rxd2 Qxd2 20. Bd4 Qg5 21. Qc7 Bd8 22. Qe5 Qxe5 23. Bxe5 b5 24. Bd3 Bb7 25. Be4 Bxe4 26. fxe4 Rc8 27. Bd4 Rc4 28. a3 Ba5 29. Rd1 f6 30. Rd3 e5 31. Bg1 Rxe4 32. g3 Re1 33. Kg2 Re2+ 34. Kf3 Rxc2 35. Rd6 Rxc3+ 36. Ke4 Rxa3 37. Rxa6 Ra4+ 38. Kd5 Bc3 39. Rb6 Bd4 40. Bxd4 Rxd4+ 41. Ke6 h6 42. Rxb5 Rd2 43. Kf5 Kh7 44. h4 Rf2+ 45. Ke4 Kg6 46. Rb3 Rd2 47. Rc3 Rd4+ 48. Kf3 Kf5 49. Rc5 Rd3+ 50. Kg2 Kg4 51. Rc4+ Rd4 52. Rc2 g5 53. hxg5 hxg5 54. Rf2 f5 55. Re2 e4 56. Kh2 Rd3 57. Rg2 Rf3 58. Kh1 Rxg3 59. Re2 Kf3 60. Rh2 e3 61. Rg2 e2 0-1

[Event "Quebec-ch qual U1700"]
[Site "Montreal CAN"]
[Date "2005.07.23"]
[Round "7"]
[White "Chan, Charles"]
[Black "Eddouri, Hmida"]
[Result "1/2-1/2"]
[WhiteElo "1472"]
[BlackElo "1438"]
[PlyCount "66"]
[GameId "2160767910901249"]
[EventDate "2005.07.15"]
[EventType "swiss"]
[EventRounds "7"]
[EventCountry "CAN"]
[SourceTitle "EXT 2009"]
[Source "ChessBase"]
[SourceDate "2008.11.26"]
[SourceVersion "1"]
[SourceVersionDate "2008.11.26"]
[SourceQuality "1"]

1. e4 c5 2. Nf3 d6 3. d4 cxd4 4. Nxd4 Nf6 5. Nc3 g6 6. Be3 Bg7 7. Bc4 O-O 8. f3 e6 9. Qd2 d5 10. exd5 exd5 11. Bb3 Nc6 12. O-O-O Re8 13. h4 Nxd4 14. Bxd4 h5 15. Bxf6 Bxf6 16. Qxd5 Qxd5 17. Nxd5 Be5 18. f4 Bxb2+ 19. Kxb2 Re2 20. g3 Bf5 21. Ne7+ Rxe7 22. Rhe1 Rc7 23. Rd2 Rac8 24. Rde2 b5 25. Re7 a5 26. Bxf7+ Kf8 27. Rxc7 Rxc7 28. Be6 Rxc2+ 29. Kb3 Rg2 30. Bxf5 Rxg3+ 31. Kb2 gxf5 32. Re5 Rg2+ 33. Kb1 Rg1+ 1/2-1/2

[Event "Quebec-ch qual U1800"]
[Site "Montreal CAN"]
[Date "2005.10.08"]
[Round "1"]
[White "Arseneault, Marc"]
[Black "Pregent, Daniel"]
[Result "1-0"]
[WhiteElo "1641"]
[BlackElo "1730"]
[PlyCount "49"]
[GameId "2160767910834532"]
[EventDate "2005.10.08"]
[EventType "swiss"]
[EventRounds "3"]
[EventCountry "CAN"]
[SourceTitle "EXT 2009"]
[Source "ChessBase"]
[SourceDate "2008.11.26"]
[SourceVersion "1"]
[SourceVersionDate "2008.11.26"]
[SourceQuality "1"]

1. Nf3 d5 2. d4 Nf6 3. c4 c6 4. Nc3 e6 5. Bg5 Be7 6. e3 Nbd7 7. Bd3 h6 8. Bh4 O-O 9. cxd5 exd5 10. Rc1 Re8 11. Bb1 Nf8 12. Ne5 Bd7 13. O-O N6h7 14. Bxe7 Qxe7 15. Qb3 Rab8 16. Kh1 Qg5 17. f4 Qh5 18. e4 Nf6 19. exd5 Rxe5 20. dxe5 Ng4 21. h3 cxd5 22. Nxd5 a6 23. Qg3 Kh8 24. f5 Bc6 25. Nf4 1-0

[Event "Quebec-ch qual U1800"]
[Site "Montreal CAN"]
[Date "2005.10.08"]
[Round "1"]
[White "Brule, Raphael"]
[Black "Jureidini, Gabriel"]
[Result "0-1"]
[WhiteElo "1745"]
[BlackElo "1655"]
[PlyCount "80"]
[GameId "2160767910834533"]
[EventDate "2005.10.08"]
[EventType "swiss"]
[EventRounds "3"]
[EventCountry "CAN"]
[SourceTitle "EXT 2009"]
[Source "ChessBase"]
[SourceDate "2008.11.26"]
[SourceVersion "1"]
[SourceVersionDate "2008.11.26"]
[SourceQuality "1"]

1. e4 e5 2. d4 exd4 3. Nf3 d6 4. Bc4 Be7 5. Nxd4 Nf6 6. Nc3 O-O 7. O-O Nbd7 8. Nf5 Re8 9. Nxe7+ Qxe7 10. f3 h6 11. Be3 a6 12. Qe1 b5 13. Nd5 Qd8 14. Bb3 Bb7 15. Nxf6+ Qxf6 16. Qc1 Ne5 17. a4 b4 18. a5 Bc6 19. Bd2 Rab8 20. Qe1 Ng6 21. Kh1 Qxb2 22. Bxb4 Qf6 23. Bc3 Qg5 24. Qf2 Bb5 25. Rfe1 Re7 26. Rad1 Rbe8 27. Rd5 Qh4 28. g3 Qh3 29. Rf5 Bd7 30. Rd5 Bb5 31. Rf5 Ne5 32. Bxe5 dxe5 33. g4 g6 34. Rf6 Kg7 35. f4 Kxf6 36. fxe5+ Kg7 37. Qf6+ Kg8 38. Qxg6+ Kf8 39. Qf6 Qxg4 40. Bd5 Qg7 0-1

[Event "Quebec-ch qual U1800"]
[Site "Montreal CAN"]
[Date "2005.10.08"]
[Round "1"]
[White "Grenier, Marcel jr"]
[Black "Ionescu, Theodor"]
[Result "0-1"]
[WhiteElo "1404"]
[BlackElo "1538"]
[PlyCount "50"]
[GameId "2160767910834534"]
[EventDate "2005.10.08"]
[EventType "swiss"]
[EventRounds "3"]
[EventCountry "CAN"]
[SourceTitle "EXT 2009"]
[Source "ChessBase"]
[SourceDate "2008.11.26"]
[SourceVersion "1"]
[SourceVersionDate "2008.11.26"]
[SourceQuality "1"]

1. e4 e6 2. d4 d5 3. Nc3 Nf6 4. Bg5 Be7 5. e5 Nfd7 6. Bxe7 Qxe7 7. Nf3 O-O 8. a3 a6 9. Bd3 c5 10. O-O cxd4 11. Ne2 Nc6 12. Ng3 Ndxe5 13. Re1 Nxf3+ 14. Qxf3 Qg5 15. Be2 Rd8 16. Rad1 e5 17. Qb3 Rb8 18. Bf3 Be6 19. Nf1 e4 20. Be2 h5 21. Nd2 h4 22. Qb6 Bh3 23. Bf1 Ne5 24. Qxd4 Bxg2 25. Bxg2 Nf3+ 0-1

[Event "Quebec-ch qual U1800"]
[Site "Montreal CAN"]
[Date "2005.10.08"]
[Round "1"]
[White "Lopez Linares, Lizandro"]
[Black "Lawson, Jonathan"]
[Result "1-0"]
[WhiteElo "1726"]
[BlackElo "1640"]
[PlyCount "81"]
[GameId "2160767910834536"]
[EventDate "2005.10.08"]
[EventType "swiss"]
[EventRounds "3"]
[EventCountry "CAN"]
[SourceTitle "EXT 2009"]
[Source "ChessBase"]
[SourceDate "2008.11.26"]
[SourceVersion "1"]
[SourceVersionDate "2008.11.26"]
[SourceQuality "1"]

1. d4 Nf6 2. Nf3 g6 3. g3 Bg7 4. Bg2 c6 5. O-O O-O 6. Re1 d6 7. e4 Bg4 8. h3 Bxf3 9. Qxf3 Nfd7 10. c3 e5 11. dxe5 dxe5 12. b3 f5 13. Ba3 Rf7 14. Nd2 fxe4 15. Qxe4 Nf6 16. Qc4 Nd5 17. Ne4 Kh8 18. Nd6 Rd7 19. Bxd5 b5 20. Qe4 Rxd6 21. Bxd6 Qxd6 22. Rad1 cxd5 23. Rxd5 Qe7 24. Rxb5 Qd7 25. Qxa8 Qxb5 26. Rd1 Qb6 27. c4 Bf6 28. c5 Qc7 29. c6 Kg7 30. b4 Be7 31. b5 Kf6 32. a4 Ke6 33. a5 Bd6 34. a6 Qb6 35. Qb7 Qxb7 36. cxb7 Bc7 37. Kf1 Bb6 38. Rc1 Kd6 39. Rc8 Nd7 40. Rc6+ Kd5 41. Rxb6 1-0

[Event "Quebec-ch qual U1800"]
[Site "Montreal CAN"]
[Date "2005.10.08"]
[Round "2"]
[White "Germain, Benoit"]
[Black "Cloutier, Richard"]
[Result "1/2-1/2"]
[WhiteElo "1708"]
[BlackElo "1733"]
[PlyCount "72"]
[GameId "2160767910834538"]
[EventDate "2005.10.08"]
[EventType "swiss"]
[EventRounds "3"]
[EventCountry "CAN"]
[SourceTitle "EXT 2009"]
[Source "ChessBase"]
[SourceDate "2008.11.26"]
[SourceVersion "1"]
[SourceVersionDate "2008.11.26"]
[SourceQuality "1"]

1. e4 c5 2. Nf3 Nc6 3. d4 cxd4 4. Nxd4 Nf6 5. Nc3 e5 6. Ndb5 d6 7. Bg5 a6 8. Na3 b5 9. Nd5 Be7 10. Bxf6 Bxf6 11. c3 Bg5 12. Nc2 O-O 13. Nce3 Rb8 14. g3 b4 15. Bg2 bxc3 16. bxc3 Qa5 17. O-O Bxe3 18. Nxe3 Qc5 19. Qf3 Ne7 20. Nf5 Nxf5 21. exf5 Bb7 22. Qg4 f6 23. c4 Bxg2 24. Kxg2 Rb4 25. Rac1 Rc8 26. Rfd1 Rb2 27. Qf3 Rxa2 28. Qd5+ Qxd5+ 29. Rxd5 Rc6 30. c5 Rxc5 31. Rdxc5 dxc5 32. Rxc5 h5 33. Rc8+ Kh7 34. Ra8 a5 35. Kf3 Ra4 36. h4 Ra2 1/2-1/2

[Event "Quebec-ch qual U1800"]
[Site "Montreal CAN"]
[Date "2005.10.08"]
[Round "2"]
[White "Germain, Max jr"]
[Black "Lopez Linares, Lizandro"]
[Result "0-1"]
[WhiteElo "1666"]
[BlackElo "1726"]
[PlyCount "116"]
[GameId "2160767910834539"]
[EventDate "2005.10.08"]
[EventType "swiss"]
[EventRounds "3"]
[EventCountry "CAN"]
[SourceTitle "EXT 2009"]
[Source "ChessBase"]
[SourceDate "2008.11.26"]
[SourceVersion "1"]
[SourceVersionDate "2008.11.26"]
[SourceQuality "1"]

1. Nf3 b6 2. c4 Bb7 3. Nc3 d6 4. g3 Nd7 5. Bg2 Ngf6 6. O-O g6 7. b3 Bg7 8. Bb2 O-O 9. e3 e5 10. d3 a5 11. Qc2 Qe7 12. Rfe1 c6 13. Nd2 Nc5 14. a3 Ne6 15. b4 d5 16. cxd5 cxd5 17. bxa5 Rfc8 18. Qb3 Nc5 19. Qa2 Nxd3 20. Nxd5 Nxd5 21. Bxd5 Bxd5 22. Qxd5 Rd8 23. Qe4 Nxb2 24. axb6 Rab8 25. Qc2 e4 26. Qc7 Qe6 27. Rab1 Rdc8 28. Qa7 Rxb6 29. Nxe4 h6 30. Red1 Nxd1 31. Rxd1 Qg4 32. Qd7 Qxd7 33. Rxd7 Ra8 34. Nd6 Rxd6 35. Rxd6 Rxa3 36. Kg2 Ra2 37. Kf3 Be5 38. Rd7 Kg7 39. Ke4 Bc3 40. f4 Rxh2 41. g4 h5 42. gxh5 gxh5 43. Rd3 Be1 44. Rd1 Bg3 45. Rf1 h4 46. Kf3 Kg6 47. e4 Rd2 48. Kg4 Re2 49. Kf3 Re1 50. Rxe1 Bxe1 51. Kg4 Kf6 52. Kh3 Ke6 53. Kg4 Kd6 54. Kh3 Kc5 55. Kg4 Kd4 56. Kf3 h3 57. e5 h2 58. Kg2 Bg3 0-1